000 00399nam a2200145Ia 4500
008 090124s9999 xx 000 0 und d
082 _b202122
245 _a पाक सिंध्द
250 _a1
260 _bवैद्य लक्ष्मीबाई
_c1969
300 _a580
630 _a पाक सिंध्द
730 _a पाक सिंध्द
942 _cBOOK
999 _c183703
_d183703